000 00727nam a22002417a 4500
005 20251108173555.0
008 250721s2005 xx 000 0 ara d
020 _a9774081684
082 1 4 _aط/932/هار
100 1 _aهاريس، نيكولاس
245 1 0 _aالهرم /
264 1 _aالقاهره :
_bدار الفاروق،
_c2005.
300 _a28ص.
490 0 _aرحلة عبر الزمن
650 1 7 _aتاريخ مصر القديمه
650 1 7 _aالحضاره المصريه
650 1 7 _aالفراعنه
653 _aالاهرامات
653 _aمرحله اطفال متوسطه (6-9 سنوات )
700 1 _aدينيس، بيتر
_eرسام
942 _2ddc
_cBK
999 _c107175
_d107175